[Event "Campionatul National de sah pe echipe m"]
[Site "Mamaia-Constanta"]
[Date "2013.09.02"]
[Round "3.5"]
[White "Murariu, Andrei"]
[Black "Vrencian, Lehel"]
[Result "1-0"]
[WhiteElo "2533"]
[BlackElo "2190"]
[PlyCount "71"]
[EventDate "2013.08.31"]
[EventRounds "9"]
[WhiteTeam "CS AEM LUXTEN TIMISOARA"]
[BlackTeam "CS MUNCITORUL RESITA"]

1. e4 c5 2. Nf3 d6 3. d4 cxd4 4. Nxd4 Nf6 5. Nc3 a6 6. Rg1 e6 7. g4 d5 8. exd5
Nxd5 9. Nxd5 Qxd5 10. Be3 Qa5+ 11. c3 Be7 12. Bg2 O-O 13. Qc2 Rd8 14. h4 Bf6
15. Nb3 Qc7 16. g5 Be5 17. Be4 g6 18. Nd2 Bd7 19. O-O-O Be8 20. Nc4 Rxd1+ 21.
Rxd1 Bf4 22. Kb1 Bxe3 23. Nxe3 h5 24. gxh6 Nc6 25. h5 f5 26. Bxc6 Bxc6 27. Qb3
Qf7 28. Rg1 Be4+ 29. Ka1 g5 30. Rxg5+ Kh8 31. Qb6 Rg8 32. f4 e5 33. Nc4 Bc6 34.
Nxe5 Qe7 35. Rxg8+ Kxg8 36. Qg1+ 1-0

[Event "Campionatul National de sah pe echipe m"]
[Site "Mamaia-Constanta"]
[Date "2013.09.02"]
[Round "3.6"]
[White "Bolintis, Mihai"]
[Black "Toma, Radu-Cristian"]
[Result "1/2-1/2"]
[WhiteElo "2085"]
[BlackElo "2222"]
[PlyCount "79"]
[EventDate "2013.08.31"]
[EventRounds "9"]
[WhiteTeam "CS MUNCITORUL RESITA"]
[BlackTeam "CS AEM LUXTEN TIMISOARA"]

1. d4 Nf6 2. c4 e6 3. Nf3 d5 4. Nc3 Be7 5. Bg5 O-O 6. e3 Ne4 7. Bxe7 $11 Qxe7
8. Bd3 Nxc3 9. bxc3 dxc4 10. Bxc4 b6 11. h4 Bb7 12. Rh3 Nd7 13. Rc1 c5 14. Bd3
e5 15. Bf5 Rad8 16. Bxd7 Bxf3 17. Qxf3 Qxd7 18. Rd1 exd4 19. cxd4 cxd4 20. Rxd4
Qe6 21. Qd1 Rxd4 22. Qxd4 Qxa2 23. Rg3 f6 24. e4 Re8 25. Re3 Rc8 26. Rd3 Rc1+
27. Rd1 Rxd1+ 28. Kxd1 Qe6 29. Qd8+ Kf7 30. Qc7+ Qe7 31. Qc4+ Kg6 32. Qd3 Qe5
33. g3 a5 34. f4 Qa1+ 35. Ke2 Qb2+ 36. Kf3 Qb4 37. e5+ Kf7 38. Qd5+ Kf8 39.
Qa8+ Kf7 40. Qd5+ 1/2-1/2

[Event "Campionatul National de sah pe echipe m"]
[Site "Mamaia-Constanta"]
[Date "2013.09.02"]
[Round "3.1"]
[White "Nyzhnyk, Illya"]
[Black "Jianu, Vlad-Cristian"]
[Result "1/2-1/2"]
[WhiteElo "2625"]
[BlackElo "2550"]
[PlyCount "40"]
[EventDate "2013.08.31"]
[EventRounds "9"]
[WhiteTeam "CS STUD. MEDICINA TIMISOARA"]
[BlackTeam "CSM LUGOJ"]

1. d4 Nf6 2. c4 g6 3. Nc3 Bg7 4. g3 d5 5. cxd5 Nxd5 6. Bg2 Nb6 7. Nf3 Nc6 8. e3
O-O 9. O-O Re8 10. Re1 a5 11. Qe2 e5 12. Nxe5 Nxe5 13. dxe5 Bxe5 14. e4 Be6 15.
f4 Bxc3 16. bxc3 Bd5 17. Qf2 Bc6 18. f5 Nc4 19. Bf4 Ne5 20. Rad1 Qe7 1/2-1/2

[Event "Campionatul National de sah pe echipe m"]
[Site "Mamaia-Constanta"]
[Date "2013.09.02"]
[Round "3.2"]
[White "Grigoriants, Sergey"]
[Black "Baklan, Vladimir"]
[Result "1/2-1/2"]
[WhiteElo "2576"]
[BlackElo "2621"]
[PlyCount "21"]
[EventDate "2013.08.31"]
[EventRounds "9"]
[WhiteTeam "CSM LUGOJ"]
[BlackTeam "CS STUD. MEDICINA TIMISOARA"]

1. c4 c5 2. Nf3 Nc6 3. Nc3 Nf6 4. d4 cxd4 5. Nxd4 e6 6. Bf4 d5 7. cxd5 Nxd5 8.
Nxc6 bxc6 9. Bd2 Bb4 10. Qc2 Rb8 11. a3 1/2-1/2

[Event "Campionatul National de sah pe echipe m"]
[Site "Mamaia-Constanta"]
[Date "2013.09.02"]
[Round "3.3"]
[White "Manolache, Marius"]
[Black "Filip, Lucian"]
[Result "0-1"]
[WhiteElo "2503"]
[BlackElo "2453"]
[PlyCount "72"]
[EventDate "2013.08.31"]
[EventRounds "9"]
[WhiteTeam "CS STUD. MEDICINA TIMISOARA"]
[BlackTeam "CSM LUGOJ"]

1. d4 Nf6 2. c4 e6 3. Nc3 Bb4 4. e3 b6 5. Bd3 Bb7 6. Nf3 O-O 7. O-O c5 8. Na4
cxd4 9. exd4 Re8 10. h3 Bxf3 11. Qxf3 Nc6 12. Be3 e5 13. dxe5 Nxe5 14. Qe2 d5
15. Rfd1 Qd7 16. b3 Nxd3 17. Qxd3 Rad8 18. a3 Bd6 19. cxd5 Be5 20. Rac1 Qxd5
21. Qc2 Qe4 22. Rd2 Qxc2 23. Rcxc2 Nd5 24. Bg5 f6 25. Bh4 Bf4 26. Re2 Nb4 27.
g3 Nxc2 28. Rxc2 Rd2 29. Rc4 Bd6 30. Nc3 g5 31. Rg4 Bc5 32. Ne4 Rxe4 33. Rxe4
gxh4 34. Rg4+ Kh8 35. gxh4 Rd4 36. Rg3 Bxa3 0-1

[Event "Campionatul National de sah pe echipe m"]
[Site "Mamaia-Constanta"]
[Date "2013.09.02"]
[Round "3.4"]
[White "Balla, Tamas-Kristof"]
[Black "Ardelean, George-Catalin"]
[Result "1/2-1/2"]
[WhiteElo "2376"]
[BlackElo "2507"]
[PlyCount "38"]
[EventDate "2013.08.31"]
[EventRounds "9"]
[WhiteTeam "CSM LUGOJ"]
[BlackTeam "CS STUD. MEDICINA TIMISOARA"]

1. d4 Nf6 2. c4 c5 3. d5 e6 4. Nc3 exd5 5. cxd5 d6 6. Nf3 g6 7. Bf4 Bg7 8. h3
O-O 9. e3 Re8 10. Nd2 Nbd7 11. Be2 Ne5 12. Qc2 Nfd7 13. O-O f5 14. Bg3 Nf6 15.
Rae1 Nf7 16. Bd3 Ne5 17. Be2 Nf7 18. Bd3 Ne5 19. Be2 a6 1/2-1/2

[Event "Campionatul National de sah pe echipe m"]
[Site "Mamaia-Constanta"]
[Date "2013.09.02"]
[Round "3.5"]
[White "Anton, Teodor"]
[Black "Dragomirescu, Robin-Alexandru"]
[Result "0-1"]
[WhiteElo "2442"]
[BlackElo "2368"]
[PlyCount "64"]
[EventDate "2013.08.31"]
[EventRounds "9"]
[WhiteTeam "CS STUD. MEDICINA TIMISOARA"]
[BlackTeam "CSM LUGOJ"]

1. c4 Nf6 2. Nc3 g6 3. g3 Bg7 4. Bg2 O-O 5. e4 d6 6. Nge2 c5 7. O-O Nc6 8. d3
a6 9. h3 Rb8 10. a4 Ne8 11. Be3 Nc7 12. d4 cxd4 13. Nxd4 Ne6 14. Nde2 Nc5 15.
Ra3 Be6 16. b3 Qd7 17. Kh2 f5 18. exf5 Bxf5 19. Nd5 a5 20. g4 Bd3 21. Ra2 Rbd8
22. Rd2 Bxe2 23. Qxe2 Nxb3 24. Rd3 Nbd4 25. Bxd4 Nxd4 26. Qxe7 Qxa4 27. Qxb7
Qc2 28. Rc3 Qd2 29. Re3 Rxf2 30. Rxf2 Qxf2 31. Qe7 Be5+ 32. Kh1 Rb8 0-1

[Event "Campionatul National de sah pe echipe m"]
[Site "Mamaia-Constanta"]
[Date "2013.09.02"]
[Round "3.6"]
[White "Manea, Alexandru"]
[Black "Doros, Radu-Marian"]
[Result "1/2-1/2"]
[WhiteElo "2390"]
[BlackElo "2307"]
[PlyCount "25"]
[EventDate "2013.08.31"]
[EventRounds "9"]
[WhiteTeam "CSM LUGOJ"]
[BlackTeam "CS STUD. MEDICINA TIMISOARA"]

1. Nf3 d5 2. d4 Nf6 3. c4 e6 4. Nc3 Bb4 5. Qb3 c5 6. cxd5 exd5 7. dxc5 Nc6 8.
Bg5 Be6 9. O-O-O O-O 10. e4 dxe4 11. Rxd8 Bxb3 12. Rxa8 Rxa8 13. Nd2 1/2-1/2

[Event "Campionatul National de sah pe echipe m"]
[Site "Mamaia-Constanta"]
[Date "2013.09.02"]
[Round "3.2"]
[White "Miron, Lucian-Costin"]
[Black "Daianu, Cristian-Clement"]
[Result "1-0"]
[WhiteElo "2532"]
[BlackElo "2233"]
[PlyCount "73"]
[EventDate "2013.08.31"]
[EventRounds "9"]
[WhiteTeam "ACS SAH APA NOVA BUCURESTI"]
[BlackTeam "CS OTOPENI"]

1. d4 Nf6 2. c4 g6 3. Nc3 d5 4. Nf3 Bg7 5. e3 O-O 6. Be2 b6 7. O-O e6 8. Bd2
Bb7 9. b4 dxc4 10. Bxc4 Nbd7 11. Qe2 c5 12. Rab1 cxd4 13. Nxd4 e5 14. Ndb5 Qb8
15. e4 a6 16. Na3 b5 17. Bb3 Nb6 18. Rbc1 Bc6 19. Be3 Qb7 20. f3 Rfd8 21. Nc2
Rd7 22. Rfd1 Rad8 23. Rxd7 Rxd7 24. Ne1 Rc7 25. Nd3 Nfd7 26. Nc5 Nxc5 27. bxc5
Nc8 28. Nd5 Rd7 29. Bg5 Kh8 30. Qe3 a5 31. Bf6 Kg8 32. Qg5 a4 33. Bxg7 axb3 34.
Bxe5 Bxd5 35. Qf6 Kf8 36. exd5 Rxd5 37. Re1 1-0

[Event "Campionatul National de sah pe echipe m"]
[Site "Mamaia-Constanta"]
[Date "2013.09.02"]
[Round "3.3"]
[White "Nastase, Robert-Paul"]
[Black "Fedorov, Alexei"]
[Result "0-1"]
[WhiteElo "2099"]
[BlackElo "2567"]
[PlyCount "56"]
[EventDate "2013.08.31"]
[EventRounds "9"]
[WhiteTeam "CS OTOPENI"]
[BlackTeam "ACS SAH APA NOVA BUCURESTI"]

1. e4 c5 2. Nf3 Nc6 3. d4 cxd4 4. Nxd4 Qb6 5. Nb3 Nf6 6. Nc3 e6 7. Qe2 Bb4 8.
Bd2 O-O 9. a3 Be7 10. O-O-O a6 11. g4 Qc7 12. g5 Ne8 13. f4 b5 14. h4 b4 15.
axb4 Nxb4 16. Kb1 Bb7 17. Bc1 Nd6 18. Rh2 Nb5 19. Na4 Bc6 20. Qe3 Rfb8 21. Rhd2
d5 22. Bxb5 axb5 23. Nc3 dxe4 24. Rd4 Qa7 25. Rxb4 Bxb4 26. Qxa7 Rxa7 27. Be3
Ra6 28. Na2 Bf8 0-1

[Event "Campionatul National de sah pe echipe m"]
[Site "Mamaia-Constanta"]
[Date "2013.09.02"]
[Round "3.5"]
[White "Stanciu, Andreea-Briana"]
[Black "Doncea, Vladimir"]
[Result "0-1"]
[WhiteElo "1779"]
[BlackElo "2415"]
[PlyCount "62"]
[EventDate "2013.08.31"]
[EventRounds "9"]
[WhiteTeam "CS OTOPENI"]
[BlackTeam "ACS SAH APA NOVA BUCURESTI"]

1. e4 c6 2. d4 d5 3. Nc3 g6 4. f3 Nh6 5. Nge2 Bg7 6. Bf4 dxe4 7. Nxe4 Nf5 8. c3
Na6 9. Nc1 Nc7 10. Bxc7 Qxc7 11. Qe2 O-O 12. Nd3 a5 13. g4 Nd6 14. Bg2 b6 15.
O-O-O Ba6 16. h4 c5 17. dxc5 bxc5 18. h5 a4 19. hxg6 hxg6 20. Nxd6 Qxd6 21. Qe3
a3 22. b3 Bxd3 23. Rxd3 Qg3 24. Qe2 c4 25. Re3 cxb3 26. axb3 a2 27. Kb2 Qd6 28.
Ka1 Qb6 29. f4 Qxb3 30. Rc1 Rfb8 31. Bxa8 Qb1+ 0-1

[Event "Campionatul National de sah pe echipe m"]
[Site "Mamaia-Constanta"]
[Date "2013.09.02"]
[Round "3.6"]
[White "Turcuman, Dragos-Mihai"]
[Black "Stancu, Robert-Alexandru"]
[Result "0-1"]
[WhiteElo "1627"]
[BlackElo "1759"]
[PlyCount "78"]
[EventDate "2013.08.31"]
[EventRounds "9"]
[WhiteTeam "ACS SAH APA NOVA BUCURESTI"]
[BlackTeam "CS OTOPENI"]

1. e4 c5 2. Nc3 Nc6 3. g3 g6 4. Bg2 Bg7 5. d3 e6 6. Be3 d6 7. Qd2 Nf6 8. Bh6
O-O 9. h4 d5 10. Bxg7 Kxg7 11. h5 d4 12. hxg6 fxg6 13. Qh6+ Kg8 14. Nce2 e5 15.
O-O-O Qe7 16. f3 Be6 17. a3 b5 18. Bh3 Nd8 19. Qg5 Nf7 20. Qd2 c4 21. Qb4 Nd6
22. dxc4 Bxh3 23. Nxh3 bxc4 24. Nxd4 exd4 25. Rxd4 Nc8 26. Qxc4+ Kh8 27. Rhd1
Nb6 28. Qd3 Rac8 29. f4 Qe6 30. Ng5 Qa2 31. Qb5 Nc4 32. Rxc4 Qxc4 33. Qxc4 Rxc4
34. e5 Ne4 35. Ne6 Rfc8 36. c3 Nc5 37. Ng5 Kg8 38. e6 Re8 39. Re1 Nd3+ 0-1

[Event "Campionatul National de sah pe echipe m"]
[Site "Mamaia-Constanta"]
[Date "2013.09.03"]
[Round "4.4"]
[White "Marin, Mihail"]
[Black "Szabo, Gergely-Andras-Gyul"]
[Result "1-0"]
[WhiteElo "2560"]
[BlackElo "2550"]
[PlyCount "77"]
[EventDate "2013.08.31"]
[EventRounds "9"]
[WhiteTeam "ACS SAH APA NOVA BUCURESTI"]
[BlackTeam "CLUBUL DE SAH AL MUN. BAIA MARE"]

1. d4 Nf6 2. c4 g6 3. g3 Bg7 4. Bg2 O-O 5. Nc3 c6 6. e4 d6 7. Nf3 Bg4 8. h3
Bxf3 9. Bxf3 Qb6 10. Rb1 Nfd7 11. Be3 c5 12. d5 Qb4 13. Be2 Nb6 14. Bd2 Qa5 15.
O-O N6d7 16. Kg2 Na6 17. a3 Qd8 18. Qc2 Nc7 19. f4 e6 20. b3 Re8 21. Bd3 exd5
22. exd5 f5 23. Qd1 Qf6 24. Qf3 a6 25. g4 Rf8 26. a4 Rf7 27. a5 h6 28. gxf5
gxf5 29. Ne2 Nf8 30. Kh1 Ng6 31. Rg1 Nf8 32. Ng3 Qd4 33. Rg2 Ng6 34. Nxf5 Rxf5
35. Rxg6 Rf6 36. Rxf6 Qxf6 37. Rg1 Rf8 38. Bg6 Kh8 39. Bh5 1-0

[Event "Campionatul National de sah pe echipe m"]
[Site "Mamaia-Constanta"]
[Date "2013.09.03"]
[Round "4.5"]
[White "Banusz, Tamas"]
[Black "Georgescu, Tiberiu-Marian"]
[Result "1-0"]
[WhiteElo "2595"]
[BlackElo "2419"]
[PlyCount "65"]
[EventDate "2013.08.31"]
[EventRounds "9"]
[WhiteTeam "CLUBUL DE SAH AL MUN. BAIA MARE"]
[BlackTeam "ACS SAH APA NOVA BUCURESTI"]

1. Nf3 Nf6 2. c4 c5 3. Nc3 Nc6 4. d4 cxd4 5. Nxd4 e6 6. a3 Bc5 7. Nb3 Be7 8. e4
O-O 9. Be2 b6 10. O-O Ba6 11. f4 d6 12. Be3 Rc8 13. Qe1 Nb8 14. Nd2 d5 15. cxd5
exd5 16. Rd1 dxe4 17. Ndxe4 Qe8 18. Nxf6+ Bxf6 19. Nd5 Bxb2 20. Bxa6 Nxa6 21.
Rf2 Bf6 22. Nxf6+ gxf6 23. f5 Rd8 24. Rxd8 Qxd8 25. Bh6 Qd4 26. Kh1 Qh4 27.
Bxf8 Kxf8 28. Qd2 Nc5 29. Rf3 Ne4 30. Qe3 Ng5 31. Rf4 Qh5 32. h4 h6 33. Qe1 1-0

[Event "Campionatul National de sah pe echipe m"]
[Site "Mamaia-Constanta"]
[Date "2013.09.03"]
[Round "4.6"]
[White "Horvat, Dan-Sebastian"]
[Black "Hajbok, Robert"]
[Result "0-1"]
[WhiteElo "2209"]
[BlackElo "2345"]
[PlyCount "150"]
[EventDate "2013.08.31"]
[EventRounds "9"]
[WhiteTeam "ACS SAH APA NOVA BUCURESTI"]
[BlackTeam "CLUBUL DE SAH AL MUN. BAIA MARE"]

1. e4 c5 2. Nf3 d6 3. d4 cxd4 4. Nxd4 Nf6 5. f3 Nc6 6. c4 g6 7. Nc3 Bg7 8. Be3
O-O 9. Qd2 Nxd4 10. Bxd4 a5 11. b3 Bd7 12. Be2 Bc6 13. O-O Nd7 14. Be3 Nc5 15.
Rab1 Qb6 16. Rfc1 Rfc8 17. Rc2 Qd8 18. Bf1 h5 19. a3 Kh7 20. Ne2 Qh8 21. Nf4
Rd8 22. g3 e6 23. b4 axb4 24. axb4 Na4 25. Rb3 Be5 26. b5 Be8 27. Ne2 Nc5 28.
Rb1 Bf6 29. Bg2 Ra3 30. Bg5 Rd3 31. Qc1 Ra8 32. Bxf6 Qxf6 33. Rc3 Rxc3 34. Qxc3
Qxc3 35. Nxc3 Ra3 36. Nd1 Kg7 37. f4 Kf6 38. Nf2 Ke7 39. Rd1 f6 40. Re1 e5 41.
f5 g5 42. Rc1 Bf7 43. Bf1 Kd7 44. Rc2 Kc7 45. Kg2 Ra1 46. Be2 Ra3 47. h3 Kd7
48. Bf3 b6 49. Be2 Ra4 50. Rc3 Ra2 51. Kf3 Ke7 52. Bd3 h4 53. gxh4 gxh4 54. Bc2
Bh5+ 55. Ke3 Ra1 56. Nd3 Rh1 57. Ra3 Rxh3+ 58. Kd2 Rh2+ 59. Kc1 Nxd3+ 60. Bxd3
Be8 61. Ra7+ Bd7 62. c5 dxc5 63. Bc4 Kd6 64. Rb7 h3 65. Be6 Be8 66. Rb8 Rh1+
67. Kd2 h2 68. Rxe8 Rd1+ 69. Kc2 h1=Q 70. Rd8+ Ke7 71. Rxd1 Qxe4+ 72. Kc1 Qe3+
73. Rd2 Qa3+ 74. Kd1 Qa4+ 75. Kc1 Qxb5 0-1

[Event "Campionatul National de sah pe echipe m"]
[Site "Mamaia-Constanta"]
[Date "2013.09.03"]
[Round "4.1"]
[White "Grigoriants, Sergey"]
[Black "Pop, Alexandru"]
[Result "1-0"]
[WhiteElo "2576"]
[BlackElo "2284"]
[PlyCount "47"]
[EventDate "2013.08.31"]
[EventRounds "9"]
[WhiteTeam "CSM LUGOJ"]
[BlackTeam "CS OTOPENI"]

1. c4 e5 2. Nc3 Nf6 3. Nf3 Nc6 4. g3 Bc5 5. Bg2 d6 6. O-O a6 7. d3 O-O 8. Rb1
Bg4 9. b4 Ba7 10. h3 Be6 11. Ng5 Bf5 12. b5 axb5 13. cxb5 Nd4 14. Bxb7 h6 15.
g4 hxg5 16. gxf5 g4 17. Bxa8 Qxa8 18. hxg4 Nxg4 19. e4 Nf6 20. Bg5 Nh7 21. Be3
g6 22. Nd5 Qd8 23. Kg2 gxf5 24. Rh1 1-0

[Event "Campionatul National de sah pe echipe m"]
[Site "Mamaia-Constanta"]
[Date "2013.09.03"]
[Round "4.2"]
[White "Grigore, Nicolae-Petre"]
[Black "Filip, Lucian"]
[Result "1/2-1/2"]
[WhiteElo "2379"]
[BlackElo "2453"]
[PlyCount "30"]
[EventDate "2013.08.31"]
[EventRounds "9"]
[WhiteTeam "CS OTOPENI"]
[BlackTeam "CSM LUGOJ"]

1. e4 c5 2. Nf3 e6 3. d4 cxd4 4. Nxd4 Nc6 5. Nb5 d6 6. c4 Nf6 7. N5c3 Be7 8.
Be2 O-O 9. O-O b6 10. Be3 Bb7 11. Nd2 d5 12. exd5 exd5 13. cxd5 Nb4 14. Bf3
Nfxd5 15. Bd4 Nxc3 1/2-1/2

[Event "Campionatul National de sah pe echipe m"]
[Site "Mamaia-Constanta"]
[Date "2013.09.03"]
[Round "4.3"]
[White "Balla, Tamas-Kristof"]
[Black "Daianu, Cristian-Clement"]
[Result "1-0"]
[WhiteElo "2376"]
[BlackElo "2233"]
[PlyCount "91"]
[EventDate "2013.08.31"]
[EventRounds "9"]
[WhiteTeam "CSM LUGOJ"]
[BlackTeam "CS OTOPENI"]

1. b3 d5 2. Bb2 Bg4 3. f4 e6 4. g3 Nf6 5. Bg2 Nbd7 6. Nf3 Bxf3 7. Bxf3 Bd6 8.
e3 c6 9. O-O O-O 10. c4 Qb6 11. Qc2 Rfe8 12. Nc3 Rac8 13. Na4 Qa5 14. Rac1 h6
15. c5 b5 16. cxd6 bxa4 17. bxa4 Nb6 18. Bc3 Qa6 19. g4 Nfd7 20. a5 Nc4 21. Be2
c5 22. Qa4 Qxd6 23. Bxc4 dxc4 24. Qxc4 Rc7 25. Rc2 e5 26. Qxf7+ Kxf7 27. fxe5+
Qf6 28. exf6 gxf6 29. Rf5 Re4 30. h3 Rb7 31. Kf2 Ra4 32. d3 Rc7 33. e4 Kg6 34.
Ke2 Rc6 35. Kd2 Rd6 36. Ke2 Re6 37. Rd5 Re7 38. Ke3 Ra3 39. Kd2 Ra4 40. Rb2 c4
41. Rb7 Rxa2+ 42. Ke3 Rc2 43. Bd4 cxd3 44. Rdxd7 d2 45. Rxe7 d1=Q 46. Rg7# 1-0

[Event "Campionatul National de sah pe echipe m"]
[Site "Mamaia-Constanta"]
[Date "2013.09.03"]
[Round "4.4"]
[White "Dicu, Razvan-Stefan"]
[Black "Dragomirescu, Robin-Alexandru"]
[Result "1-0"]
[WhiteElo "2228"]
[BlackElo "2368"]
[PlyCount "85"]
[EventDate "2013.08.31"]
[EventRounds "9"]
[WhiteTeam "CS OTOPENI"]
[BlackTeam "CSM LUGOJ"]

1. e4 e5 2. Nf3 Nc6 3. Bb5 Nf6 4. O-O Nxe4 5. d4 Nd6 6. Bxc6 dxc6 7. dxe5 Nf5
8. Qxd8+ Kxd8 9. Nc3 Ke8 10. b3 Be6 11. Bb2 Be7 12. h3 h5 13. Ne4 Rd8 14. Rad1
h4 15. Nfg5 Bc8 16. Rxd8+ Bxd8 17. Re1 Rh6 18. f4 b6 19. Kf2 c5 20. c4 Kf8 21.
Nf3 f6 22. Rd1 Ke8 23. Re1 Kf7 24. Rd1 Rh8 25. Nc3 Re8 26. Nd5 c6 27. Nc3 Be7
28. Ne4 Rd8 29. Rxd8 Bxd8 30. Nxh4 Nxh4 31. Nd6+ Ke6 32. Nxc8 Ng6 33. Kf3 fxe5
34. fxe5 Nxe5+ 35. Ke4 Nf7 36. Nxa7 Kd7 37. Bxg7 Kc7 38. Kf5 Kb7 39. Ke6 Ng5+
40. Kd7 Kxa7 41. Kxd8 Ne6+ 42. Ke7 Nxg7 43. g4 1-0

[Event "Campionatul National de sah pe echipe m"]
[Site "Mamaia-Constanta"]
[Date "2013.09.03"]
[Round "4.5"]
[White "Vasilescu, Lucian-Mihail"]
[Black "Vasile, Claudiu-Daniel"]
[Result "0-1"]
[WhiteElo "2283"]
[BlackElo "2171"]
[PlyCount "110"]
[EventDate "2013.08.31"]
[EventRounds "9"]
[WhiteTeam "CSM LUGOJ"]
[BlackTeam "CS OTOPENI"]

1. g3 d5 2. Bg2 Nf6 3. Nf3 e6 4. O-O Be7 5. c4 O-O 6. b3 c5 7. Bb2 Nc6 8. e3 b6
9. Nc3 Ba6 10. d3 Rc8 11. Qe2 Qc7 12. Rac1 Qb8 13. Rfd1 Rfe8 14. e4 Nd4 15.
Nxd4 cxd4 16. Nb5 Bxb5 17. cxb5 Rxc1 18. Rxc1 dxe4 19. Bxe4 Nxe4 20. Qxe4 e5
21. Rc6 Bc5 22. a4 Qd8 23. a5 g6 24. g4 Qe7 25. a6 Rf8 26. Bc1 Kg7 27. f4 Bd6
28. f5 f6 29. h4 Qd7 30. Bd2 Rd8 31. Kf2 h5 32. g5 Qxf5+ 33. Qxf5 gxf5 34.
gxf6+ Kf7 35. Kf3 Kg6 36. Bg5 Kf7 37. b4 Ke6 38. Bh6 Kf7 39. Bg7 Ke6 40. Rc4
Kf7 41. Bh6 Re8 42. Rc6 e4+ 43. Ke2 Be5 44. Bg5 Re6 45. Rc8 Bxf6 46. Bxf6 Kxf6
47. Rf8+ Ke5 48. Rf7 Rg6 49. Rxa7 Rg2+ 50. Kd1 Kf4 51. Rf7 Ke3 52. Rxf5 Rg1+
53. Kc2 exd3+ 54. Kb2 d2 55. a7 d1=Q 0-1

[Event "Campionatul National de sah pe echipe m"]
[Site "Mamaia-Constanta"]
[Date "2013.09.03"]
[Round "4.6"]
[White "Palamar, Cristian"]
[Black "Neagu, Mihai-Cosmin"]
[Result "1-0"]
[WhiteElo "2111"]
[BlackElo "1990"]
[PlyCount "107"]
[EventDate "2013.08.31"]
[EventRounds "9"]
[WhiteTeam "CS OTOPENI"]
[BlackTeam "CSM LUGOJ"]

1. d4 Nf6 2. c4 e6 3. Nc3 Bb4 4. e3 O-O 5. Bd3 d5 6. Nf3 c5 7. O-O Nc6 8. a3
Bxc3 9. bxc3 Qc7 10. Qc2 Na5 11. Ne5 b6 12. cxd5 c4 13. Be2 exd5 14. f3 Nb3 15.
Ra2 Nxc1 16. Rxc1 Ne8 17. e4 f6 18. Ng4 Bxg4 19. fxg4 Nd6 20. exd5 Rae8 21. Bf3
f5 22. Qd1 Qf7 23. Re2 fxg4 24. Bxg4 Qxd5 25. Rcc2 Qa5 26. Rxe8 Rxe8 27. Qf3
Qg5 28. Rf2 Qc1+ 29. Rf1 Qe3+ 30. Qxe3 Rxe3 31. Rf3 Rxf3 32. Bxf3 Nb5 33. Bd5+
Kf8 34. Bxc4 Nxc3 35. Kf2 Ke7 36. Ke3 Kd6 37. h4 Nd5+ 38. Ke4 Ne7 39. g3 g6 40.
g4 h6 41. g5 h5 42. Bf7 b5 43. Be8 a6 44. Bf7 a5 45. Be8 b4 46. axb4 axb4 47.
Bf7 b3 48. Bxb3 Nf5 49. Bc2 Nxh4 50. Kf4 Ke6 51. Be4 Kd6 52. Kg3 Nf5+ 53. Bxf5
gxf5 54. g6 1-0

[Event "Campionatul National de sah pe echipe m"]
[Site "Mamaia-Constanta"]
[Date "2013.09.03"]
[Round "4.6"]
[White "Doros, Radu-Marian"]
[Black "Bolintis, Mihai"]
[Result "0-1"]
[WhiteElo "2307"]
[BlackElo "2085"]
[PlyCount "88"]
[EventDate "2013.08.31"]
[EventRounds "9"]
[WhiteTeam "CS STUD. MEDICINA TIMISOARA"]
[BlackTeam "CS MUNCITORUL RESITA"]

1. c4 e6 2. Nc3 d5 3. d4 c6 4. Nf3 Nf6 5. Bg5 Be7 6. e3 Nbd7 7. cxd5 cxd5 8.
Bd3 h6 9. Bf4 a6 10. h3 b5 11. Rc1 Bb7 12. O-O Rc8 13. Nd2 Nb6 $11 14. a4 b4
15. Na2 O-O 16. a5 Nc4 17. Nxc4 dxc4 18. Bxc4 Qxa5 19. Bb3 Qb5 20. Rxc8 Rxc8
21. Nc1 Qc6 22. f3 Nd5 23. Nd3 Nxf4 24. Nxf4 Bg5 25. g3 Qb6 26. Qd2 $11 Rd8 27.
Qf2 a5 28. Rc1 Bc6 29. Kg2 a4 30. Qc2 Bxf3+ 31. Kxf3 axb3 32. Qxb3 Qb7+ 33. Kf2
e5 34. dxe5 Rd2+ 35. Ke1 Rh2 36. Ne2 Qe4 37. Rc8+ Kh7 38. Kd2 Qxe5 39. Qd3+ g6
40. Qb3 Kg7 41. h4 Bf6 42. Qxb4 Qd5+ 43. Ke1 Rh1+ 44. Kf2 Qf5+ 0-1

[Event "Campionatul National de sah pe echipe m"]
[Site "Mamaia-Constanta"]
[Date "2013.09.03"]
[Round "4.3"]
[White "Mateuta, Gabriel"]
[Black "Lupulescu, Constantin"]
[Result "1/2-1/2"]
[WhiteElo "2517"]
[BlackElo "2634"]
[PlyCount "114"]
[EventDate "2013.08.31"]
[EventRounds "9"]
[WhiteTeam "CS POLITEHNICA IASI"]
[BlackTeam "CS AEM LUXTEN TIMISOARA"]

1. d4 Nf6 2. Nf3 e6 3. g3 c5 4. Bg2 cxd4 5. Nxd4 d5 6. O-O e5 7. Nb3 Be6 8. Bg5
Nbd7 9. f4 h6 10. Bxf6 Nxf6 11. fxe5 Qb6+ 12. Kh1 Ng4 13. Nc3 O-O-O 14. Qd4
Qxd4 15. Nxd4 Bc5 16. Nxe6 fxe6 17. Bh3 Nf2+ 18. Kg2 Nxh3 19. Kxh3 Bd4 20. Rf3
Bxe5 21. e4 Rhf8 22. Raf1 Rxf3 23. Rxf3 dxe4 24. Re3 Rd7 25. Rxe4 Bxc3 26. bxc3
Rd6 27. Kg4 g6 28. Kf4 Kd7 29. Rb4 b6 30. Ke3 Rc6 31. Kd3 Rd6+ 32. Ke3 Rc6 33.
Kd3 Rc5 34. Ra4 a5 35. Rh4 h5 36. Rd4+ Ke7 37. c4 Rf5 38. Ke2 Re5+ 39. Kd2 Rf5
40. Ke2 Rc5 41. Kd3 g5 42. h3 Rc6 43. Re4 Rd6+ 44. Ke2 Rc6 45. Kd3 Rc5 46. Rd4
Re5 47. Kd2 Rf5 48. Ke2 Rf8 49. a3 Rf5 50. Rd1 Rc5 51. Kd3 h4 52. g4 Rc6 53.
Rb1 Kf6 54. Kd4 Rd6+ 55. Ke3 Rc6 56. Kd4 Rd6+ 57. Ke3 Rc6 1/2-1/2

[Event "Campionatul National de sah pe echipe m"]
[Site "Mamaia-Constanta"]
[Date "2013.09.03"]
[Round "4.6"]
[White "Toma, Radu-Cristian"]
[Black "Stegariu, Vlad-Ionut"]
[Result "0-1"]
[WhiteElo "2222"]
[BlackElo "2171"]
[PlyCount "94"]
[EventDate "2013.08.31"]
[EventRounds "9"]
[WhiteTeam "CS AEM LUXTEN TIMISOARA"]
[BlackTeam "CS POLITEHNICA IASI"]

1. c4 c5 2. g3 g6 3. Bg2 Bg7 4. Nf3 Nc6 5. Nc3 e6 6. O-O Nge7 7. d4 cxd4 8. Nb5
d5 9. cxd5 Nxd5 10. Nbxd4 Nxd4 11. Nxd4 O-O 12. e4 Nb4 13. Be3 e5 14. Nb5 Qa5
15. Nc3 Rd8 16. Qe2 Nc6 17. Nd5 Nd4 18. Bxd4 exd4 19. a4 Be6 20. b4 Qa6 21.
Qxa6 bxa6 22. Rac1 Bd7 23. a5 Ba4 24. e5 Bxe5 25. Ne7+ Kf8 26. Bxa8 Rxa8 27. f4
Bg7 28. Nc6 Rc8 29. Nxd4 Bxd4+ 30. Kg2 Rb8 31. f5 gxf5 32. Rxf5 Bb3 33. Rc6
Rxb4 34. Rxa6 Ra4 35. g4 Ra2+ 36. Kg3 Bg1 37. h3 Bc2 38. Rf3 Be4 39. Rb3 Kg7
40. Kf4 Ra4 41. Kg3 Bc5 42. g5 Bd5 43. Rc3 Bb4 44. Rc7 Be1+ 45. Kh2 Ra2+ 46.
Kg1 Bg3 47. Rc1 Rh2 0-1

[Event "Campionatul National de sah pe echipe m"]
[Site "Mamaia-Constanta"]
[Date "2013.09.03"]
[Round "4.3"]
[White "Ionescu, Doru-Alexandru"]
[Black "Ionescu, Constantin"]
[Result "1/2-1/2"]
[WhiteElo "2330"]
[BlackElo "2443"]
[PlyCount "28"]
[EventDate "2013.08.31"]
[EventRounds "9"]
[WhiteTeam "CSU PLOIESTI"]
[BlackTeam "CS VICTORIA TECHIRGHIOL"]

1. e4 c5 2. d3 b6 3. g3 Bb7 4. Bg2 d5 5. Nd2 e6 6. f4 Nf6 7. e5 Nfd7 8. c4 Nc6
9. Nh3 Qc7 10. O-O Nd4 11. cxd5 Bxd5 12. Bxd5 exd5 13. Nf3 Nxf3+ 14. Qxf3 Qc6
1/2-1/2